[Event "VIE-ch U13"]
[Site "Ho Chi Minh City"]
[Date "2014.07.18"]
[Round "9"]
[White "Nguyen, Ung Bach"]
[Black "Nguyen, Duy Long"]
[Result "1/2-1/2"]
[WhiteElo "1806"]
[BlackElo "1779"]
[PlyCount "46"]
[EventDate "2014.07.13"]
[EventType "swiss"]
[EventRounds "9"]
[EventCountry "VIE"]
[SourceTitle "EXT 2016"]
[Source "ChessBase"]
[SourceDate "2015.10.08"]
[SourceVersion "1"]
[SourceVersionDate "2015.10.08"]
[SourceQuality "1"]

1. Nf3 d5 2. d3 c5 3. g3 Nc6 4. b3 e5 5. Nbd2 Nf6 6. Bg2 Bd6 7. Bb2 0-0 8. 0-0 Be6 9. c4 d4 10. Ng5 Bd7 11. Nde4 Nxe4 12. Nxe4 Be7 13. f4 f6 14. fxe5 fxe5 15. Ba3 Qa5 16. Bc1 Rxf1+ 17. Bxf1 Rf8 18. Bd2 Qc7 19. Bg2 Qc8 20. Bg5 Bxg5 21. Nxg5 h6 22. Bd5+ Kh8 23. Nf7+ Kh7 1/2-1/2

[Event "VIE-ch U13"]
[Site "Ho Chi Minh City"]
[Date "2014.07.17"]
[Round "8"]
[White "Nguyen, Duy Long"]
[Black "Nguyen, Quang Trung"]
[Result "1-0"]
[WhiteElo "1779"]
[BlackElo "1759"]
[PlyCount "49"]
[EventDate "2014.07.13"]
[EventType "swiss"]
[EventRounds "9"]
[EventCountry "VIE"]
[SourceTitle "EXT 2016"]
[Source "ChessBase"]
[SourceDate "2015.10.08"]
[SourceVersion "1"]
[SourceVersionDate "2015.10.08"]
[SourceQuality "1"]

1. e4 e6 2. d4 d5 3. exd5 exd5 4. Bd3 Bd6 5. Ne2 Nf6 6. 0-0 0-0 7. h3 c6 8. Nd2 Be6 9. c3 Nbd7 10. f4 Nb6 11. Ng3 Qc7 12. Nh5 Be7 13. Nxf6+ Bxf6 14. Qh5 g6 15. Qf3 Nc4 16. f5 Nxd2 17. Bxd2 Bd7 18. Bh6 Bg7 19. Bxg7 Kxg7 20. f6+ Kh8 21. Qe3 Rae8 22. Qh6 Rg8 23. Rf4 Bxh3 24. Qxh7+ Kxh7 25. Rh4# 1-0

[Event "VIE-ch U13"]
[Site "Ho Chi Minh City"]
[Date "2014.07.15"]
[Round "4"]
[White "Nguyen, Duy Long"]
[Black "Lieu, Trieu Bao Thien"]
[Result "1-0"]
[WhiteElo "1779"]
[BlackElo "1762"]
[PlyCount "73"]
[EventDate "2014.07.13"]
[EventType "swiss"]
[EventRounds "9"]
[EventCountry "VIE"]
[SourceTitle "EXT 2016"]
[Source "ChessBase"]
[SourceDate "2015.10.08"]
[SourceVersion "1"]
[SourceVersionDate "2015.10.08"]
[SourceQuality "1"]

1. e4 e5 2. Nf3 d6 3. Bc4 h6 4. d3 Nc6 5. Be3 Nf6 6. Nbd2 Bg4 7. c3 Ne7 8. Qc2 Bxf3 9. Nxf3 Ng6 10. Qb3 Qd7 11. Qxb7 Rd8 12. Bb5 Be7 13. Bxd7+ Rxd7 14. Qc8+ Bd8 15. d4 0-0 16. 0-0-0 Be7 17. Qb7 c5 18. Qc6 cxd4 19. cxd4 exd4 20. Bxd4 Rdd8 21. Kb1 Rc8 22. Qa4 Nxe4 23. Rhe1 d5 24. Nd2 Nd6 25. Qa6 Rc7 26. Rxe7 Rxe7 27. Qxd6 Ree8 28. Qxd5 Rd8 29. Qc4 Rfe8 30. Rc1 Nh8 31. Nf3 a5 32. Bc3 Rc8 33. Qd4 f6 34. Qg4 Red8 35. Bxf6 Rxc1+ 36. Kxc1 g5 37. Bxd8 1-0

[Event "VIE-ch U13"]
[Site "Ho Chi Minh City"]
[Date "2014.07.14"]
[Round "3"]
[White "Nguyen, Doan Nam Anh"]
[Black "Nguyen, Duy Long"]
[Result "1/2-1/2"]
[WhiteElo "1807"]
[BlackElo "1779"]
[PlyCount "38"]
[EventDate "2014.07.13"]
[EventType "swiss"]
[EventRounds "9"]
[EventCountry "VIE"]
[SourceTitle "EXT 2016"]
[Source "ChessBase"]
[SourceDate "2015.10.08"]
[SourceVersion "1"]
[SourceVersionDate "2015.10.08"]
[SourceQuality "1"]

1. e4 e5 2. Nf3 Nc6 3. Bc4 g6 4. c3 Bg7 5. 0-0 d6 6. d3 h6 7. Be3 Nge7 8. d4 exd4 9. Nxd4 0-0 10. Nd2 Kh7 11. N2f3 f5 12. exf5 Bxf5 13. Qd2 d5 14. Bb3 Be4 15. Ne6 Qc8 16. Nxf8+ Qxf8 17. Nd4 Qc8 18. Bc2 Nxd4 19. cxd4 Bxg2 1/2-1/2

[Event "VIE-ch U13"]
[Site "Ho Chi Minh City"]
[Date "2014.07.13"]
[Round "2"]
[White "Nguyen, Duy Long"]
[Black "Nguyen, Cong Tai"]
[Result "0-1"]
[WhiteElo "1779"]
[BlackElo "1757"]
[PlyCount "94"]
[EventDate "2014.07.13"]
[EventType "swiss"]
[EventRounds "9"]
[EventCountry "VIE"]
[SourceTitle "EXT 2016"]
[Source "ChessBase"]
[SourceDate "2015.10.08"]
[SourceVersion "1"]
[SourceVersionDate "2015.10.08"]
[SourceQuality "1"]

1. e4 c5 2. c3 d5 3. exd5 Qxd5 4. d4 cxd4 5. Qxd4 Qxd4 6. cxd4 g6 7. Nf3 Bg7 8. Bb5+ Bd7 9. Bxd7+ Nxd7 10. 0-0 Ngf6 11. Nc3 0-0 12. Be3 Nb6 13. Rfd1 Nfd5 14. Nxd5 Nxd5 15. a3 Rac8 16. Rac1 Rfd8 17. Rxc8 Rxc8 18. Rc1 Rxc1+ 19. Bxc1 Kf8 20. Kf1 Ke8 21. Ke2 Kd7 22. Kd3 h6 23. Bd2 Kd6 24. Kc4 a6 25. Bb4+ Nxb4 26. Kxb4 Kd5 27. Kc3 g5 28. h3 f5 29. g4 fxg4 30. hxg4 Ke4 31. Nd2+ Kf4 32. Kd3 Kxg4 33. Ke3 h5 34. Ne4 h4 35. b3 h3 36. Ng3 h2 37. Ke2 Bxd4 38. Kf1 Kf3 39. Nh1 g4 40. a4 Bxf2 41. Nxf2 g3 42. Nh1 g2+ 43. Ke1 gxh1Q+ 44. Kd2 Qb1 45. Kc3 h1Q 46. b4 Qhc1+ 47. Kd4 Qe4# 0-1